000 00909nam0a22002651 4500
001 rc\3225756
005 20250609164612.0
021 _aRU
_b70-83428
021 _aRU
_bРг4539-71
035 _a(NLR Aleph) 007367418
090 _a6371803
_c6371802
100 _a20130115d1970 |||y0rusy50 ca
101 0 _arus
102 _aRU
105 _aa z |||||
200 1 _aМетод сетевого планирования и управления
_eЛекция
_fВоен. командная акад. противовоздуш. обороны. Кафедра № 9
210 _aКалинин
_cБ. и.
_d1970
215 _a51 с.
_cил.
_d30
300 _aПеред загл. авт.: канд. воен. наук инж.-подполк. Яцюк Н.М.
700 1 _aЯцюк
_bН.М.
801 0 _aRU
_bNLR
_gpsbo
801 1 _aRU
_bELAR
_2rusmarc
852 _aNLR
_j71-8/139
942 _cBOOK
980 _aNB